Roblox 99 Nights in the Forest Classes Quiz (As of Dec 2025) - Statistics

General Stats
  • This quiz has been taken 91 times
  • The average score is 15 of 29
Answer Stats
Classes % Correct
Camper
90%
Cyborg
88%
Alien
82%
Medic
71%
Assassin
65%
Scavenger
65%
Cook
63%
Vampire
61%
Ranger
59%
Chef
57%
Lumberjack
57%
Big Game Hunter
53%
Fire Bandit
53%
Base Defender
45%
Decorator
45%
Pyromaniac
45%
Support
45%
Zookeeper
45%
Beastmaster
43%
Blacksmith
43%
Hunter
41%
Poison Master
41%
Brawler
39%
Gambler
39%
Berserker
37%
Fisherman
37%
Undead
33%
Farmer
31%
Necromancer
31%
No matching quizzes found
Score Distribution
Percent of People with Each Score
Percentile by Number Answered
Your Score History
You have not taken this quiz